Départements de la diagonale du vide - Statistiques

Statistiques générales
  • Ce quiz a été pris 117 fois
  • Le résultat moyen est 27 sur 36
Réponses sur la Carte
Les réponses sont colorées sur une échelle allant du rouge au vert en fonction du pourcentage des utilisateurs qui les ont devinées à leur premier essai. Vous pouvez retrouver ces pourcentages ci-dessous.
 
Statistiques - réponses
Départements % Correct
Ardennes
86%
Loire
86%
Creuse
85%
Cantal
82%
Corrèze
81%
Meuse
81%
Aveyron
80%
Meurthe-et-Moselle
78%
Puy-de-Dôme
78%
Yonne
78%
Lozère
77%
Marne
77%
Ardèche
76%
Aube
76%
Lot
76%
Côte-d'Or
74%
Vosges
74%
Allier
73%
Tarn
73%
Haute-Loire
72%
Haute-Marne
72%
Nièvre
72%
Cher
71%
Dordogne
71%
Lot-et-Garonne
71%
Saône-et-Loire
70%
Gers
69%
Haute-Vienne
69%
Tarn-et-Garonne
69%
Jura
68%
Landes
68%
Indre
66%
Pyrénées-Atlantiques
66%
Haute-Saône
63%
Hautes-Pyrénées
62%
Charente
60%
Aucun quiz correspondant
Distribution des résultats
% des personnes avec chaque résultat
Percentile par nombre de réponses
Votre historique - résultats
Vous n’avez pas pris ce quiz